[Event "Challenge"]
[Site "http://www.queenalice.com/game.php?id=60488"]
[Date "2006.3.31"]
[Round "-"]
[White "mouse"]
[Black "aliosky"]
[Result "0-1"]
[WhiteElo "1682"]
[BlackElo "1820"]

1. e4 c5 2. Nc3 Nc6 3. Bc4 d6 4. Qf3 Ne5 5. Bxf7+ Nxf7 6. d3 Nf6 7. Bf4 e5 8.
Be3 Be7 9. Nd5 Nxd5 10. exd5 O-O 11. O-O-O Bg5 12. Re1 Nh6 13. Qe4 Bxe3+ 14.
Rxe3 Rxf2 15. Nf3 Rxg2 16. Nxe5 Rf2 17. Nf3 Bd7 18. b3 Qe8 19. Qf4 Qg6 20. Nh4
Rxf4 21. Nxg6 hxg6 22. Kd2 Nf5 23. Re4 Rxe4 24. dxe4 Nd4 25. c3 Nb5 26. c4 Nd4
27. h4 Re8 28. Ke3 Rf8 29. Rh3 Bxh3 30. e5 Rf3+ 31. Kd2 Bf5 32. exd6 Rf2+ 33.
Ke3 Re2+ 34. Kf4 Rh2 35. Kg3 Rh1 36. Kg2 Rxh4 37. Kg3 g5 38. Kf2 Rh2+ 39. Kg3
Rxa2 40. d7 Bxd7 41. d6 a5 0-1

[Event "Challenge"]
[Site "http://www.queenalice.com/game.php?id=60489"]
[Date "2006.3.31"]
[Round "-"]
[White "mouse"]
[Black "rrduarte"]
[Result "1-0"]
[WhiteElo "1749"]
[BlackElo "1324"]

1. e4 e5 2. f4 d6 3. Nf3 exf4 4. d4 Nf6 5. Nc3 Nh5 6. d5 g6 7. Qd4 Bg7 8. Bb5+
c6 9. e5 cxb5 10. Bd2 f6 11. e6 f5 12. Qd3 b4 13. Qb5+ Bd7 14. Qxb7 Bc6 15. dxc6
Qe7 16. c7 Qxe6+ 17. Ne2 Bxb2 18. Rb1 O-O 19. Rxb2 Nd7 20. Bxb4 Nc5 21. Bxc5
dxc5 22. c3 Nf6 23. Ng5 Qd7 24. Rd2 Nd5 25. Qxd5+ Qxd5 26. Rxd5 h6 27. Ne6 Rfc8
28. Rd8+ Kf7 29. N2xf4 Rxc7 30. Rxa8 Re7 31. h4 Rxe6+ 32. Nxe6 Kxe6 33. Rxa7 Ke5
34. g3 g5 35. h5 f4 36. gxf4+ Kxf4 37. Rg1 g4 38. Kf1 g3 39. Ra4+ Kf3 40. Rc4
Ke3 41. Rxg3+ Kd2 42. Rxc5 Kc2 43. a4 Kb3 44. a5 Ka4 45. Rg4+ 1-0

[Event "Challenge"]
[Site "http://www.queenalice.com/game.php?id=60658"]
[Date "2006.4.1"]
[Round "-"]
[White "mouse"]
[Black "klitzke"]
[Result "0-1"]
[WhiteElo "1749"]
[BlackElo "1545"]

1. e4 e5 2. f4 exf4 3. Nf3 d6 4. c4 Be7 5. Bd3 Bg4 6. Qa4+ Nc6 7. O-O Bd7 8. Qb3
Na5 9. Qc3 Nc6 10. Nd4 Ne5 11. Bc2 c5 12. Nf5 Bxf5 13. d4 cxd4 14. Qxd4 Nc6 15.
Qxg7 Bf6 16. Qxh8 Bxh8 17. exf5 Be5 18. Bxf4 Bxb2 19. Nd2 Bxa1 20. Rxa1 Qb6+ 21.
Kf1 Qd4 22. Re1+ Nge7 23. Re4 Qa1+ 24. Re1 Qxa2 25. Bb3 Qb2 26. Bd1 O-O-O 27.
Bg4 f6 28. Ne4 Qd4 29. g3 Qxc4+ 30. Kf2 Qd3 31. Re3 Qd4 32. h3 Ne5 33. Bh5 d5
34. Nxf6 Nd3+ 35. Ke2 Nxf4+ 36. gxf4 Qxf6 37. Re5 Nxf5 38. Bg4 d4 39. Bxf5+ Kb8
40. Kd3 Qa6+ 41. Kd2 d3 42. Bxd3 Qxd3+ 43. Ke1 Qg3+ 44. Ke2 Qxf4 45. Re3 Qc4+
46. Kf2 Rf8+ 47. Rf3 Qc2+ 48. Kg3 Rg8+ 49. Kf4 Qd2+ 50. Ke5 Re8+ 51. Kf6 Rf8+
0-1

[Event "Challenge"]
[Site "http://www.queenalice.com/game.php?id=62026"]
[Date "2006.4.8"]
[Round "-"]
[White "Frank"]
[Black "mouse"]
[Result "0-1"]
[WhiteElo "1352"]
[BlackElo "1748"]

1. e4 e5 2. Nf3 Bc5 3. Nxe5 Qf6 4. d4 Bb6 5. Nc3 c6 6. Bc4 d6 7. Nxf7 Qxd4 8.
Qxd4 Bxd4 9. Nxh8 Ne7 10. Bf7+ Kd8 11. Ne2 Bf6 12. O-O g6 13. Bf4 d5 14. exd5
Bf5 15. dxc6 bxc6 16. Bb3 Bxh8 17. Rad1+ Ke8 18. Bc4 Bxb2 19. Bd6 Nd7 20. Rb1
Be5 21. Bxe5 Nxe5 22. Ba6 Bxc2 23. Rbc1 Bd3 24. Bxd3 Nxd3 25. Rc3 Ne5 26. Rh3 h5
27. Re3 Ng4 28. Re4 Rd8 29. Nd4 Rd6 30. Rc1 Nf6 31. Rf4 g5 32. Rf3 g4 0-1

[Event "Challenge"]
[Site "http://www.queenalice.com/game.php?id=62868"]
[Date "2006.4.13"]
[Round "-"]
[White "mouse"]
[Black "Frank"]
[Result "1-0"]
[WhiteElo "1749"]
[BlackElo "1351"]

1. e4 Nf6 2. d3 e5 3. Nf3 Nc6 4. Nc3 Bc5 5. Na4 d6 6. d4 exd4 7. Nxc5 dxc5 8.
Bc4 Nxe4 9. Bd3 Nf6 10. Qe2+ Be6 11. a3 O-O 12. b3 Re8 13. O-O Bxb3 14. Qd2 Bd5
15. Ng5 Ng4 16. Qf4 Qf6 17. Qxg4 h6 18. Nh7 Qe6 19. Qe2 c4 20. Qxe6 Rxe6 21. Bf5
Re5 22. g4 g6 23. Nf6+ Kg7 24. f4 Re7 25. Nxd5 Re2 26. Bb2 gxf5 27. Bxd4+ 1-0

[Event "Challenge"]
[Site "http://www.queenalice.com/game.php?id=64924"]
[Date "2006.4.22"]
[Round "-"]
[White "mouse"]
[Black "valerie973"]
[Result "1-0"]
[WhiteElo "1716"]
[BlackElo "1521"]

1. e4 e6 2. Nf3 d5 3. e5 Nc6 4. c4 dxc4 5. Nc3 Nd4 6. Bxc4 c6 7. O-O Bc5 8. g3
Nh6 9. a3 f6 10. Na4 Nxf3+ 11. Qxf3 O-O 12. d3 fxe5 13. Qe4 Qe7 14. Bxh6 Bd4 15.
Be3 Bd7 16. Bxd4 exd4 17. Nc5 Qxc5 18. Bxe6+ Bxe6 19. Qxe6+ Kh8 20. Rfe1 Qb5 21.
f4 Qxd3 22. Kg2 Rae8 23. Qxe8 Qf5 24. Qe5 Qc2+ 25. Kf3 Qxb2 26. Qe7 Qb3+ 27. Kg4
Qg8 28. h4 d3 29. Rad1 Rd8 30. f5 d2 31. Re2 h6 32. f6 gxf6+ 33. Kf5 Qd5+ 34.
Kg6 Qd3+ 35. Kxf6 Rg8 36. Kf7 Qb3+ 37. Re6 Qf3+ 38. Qf6+ Rg7+ 39. Kf8 Qxa3+ 40.
Ke8 Qxg3 41. Rxd2 1-0

[Event "Challenge"]
[Site "http://www.queenalice.com/game.php?id=64925"]
[Date "2006.4.22"]
[Round "-"]
[White "valerie973"]
[Black "mouse"]
[Result "0-1"]
[WhiteElo "1521"]
[BlackElo "1784"]

1. e3 Nf6 2. Nc3 e5 3. d4 e4 4. f3 d5 5. f4 Bg4 6. Be2 h5 7. h3 Bf5 8. Bd2 Nc6
9. Bb5 Nd7 10. Qe2 Nb6 11. h4 Be6 12. Nh3 Bg4 13. Qf2 Nc4 14. Bxc4 dxc4 15. Nxe4
Qd5 16. Neg5 f6 17. e4 Qxd4 18. O-O fxg5 19. Be3 Qxe4 20. Nxg5 Qf5 21. Qd2 Rh6
22. Ne6 Rxe6 23. Rae1 Rd8 24. Qf2 b6 25. c3 Be7 26. Rd1 Rd3 27. Rde1 Re4 28. g3
Bh3 29. Qf3 Bxf1 30. Qxf1 a5 31. b3 Rxc3 32. Qf3 Bb4 33. Kf2 Rc2+ 34. Re2 Nd4
35. Bxd4 Rcxe2+ 36. Kf1 Qd5 37. Bf2 g6 38. Kg2 c3 39. Kh3 c2 0-1

[Event "Challenge"]
[Site "http://www.queenalice.com/game.php?id=66272"]
[Date "2006.5.1"]
[Round "-"]
[White "METAL"]
[Black "mouse"]
[Result "0-1"]
[WhiteElo "1532"]
[BlackElo "1500"]

1. e4 Nf6 2. d3 h6 3. Nc3 Nc6 4. a3 e6 5. Nf3 d6 6. Be2 g5 7. O-O g4 8. Nh4 Nh7
9. Bxg4 Qxh4 10. Qf3 Nf6 11. g3 Ne5 12. Qf4 Nfxg4 0-1

[Event "Challenge"]
[Site "http://www.queenalice.com/game.php?id=66579"]
[Date "2006.5.3"]
[Round "-"]
[White "joey30"]
[Black "mouse"]
[Result "1-0"]
[WhiteElo "1867"]
[BlackElo "1819"]

1. e4 Nf6 2. Nc3 e5 3. Nf3 d6 4. Bc4 Be6 5. Bb3 Nc6 6. d4 Bxb3 7. axb3 exd4 8.
Nxd4 Qe7 9. Bg5 O-O-O 10. Nxc6 bxc6 11. O-O h6 12. Be3 a6 13. Rxa6 c5 14. Nd5
Qe5 15. Qd3 Nxe4 16. Ra8+ Kd7 17. Qb5+ c6 18. Qb7+ Ke8 19. Rxd8+ Kxd8 20. Qc7+
Ke8 21. Qc8# 1-0

[Event "Challenge"]
[Site "http://www.queenalice.com/game.php?id=80124"]
[Date "2006.6.25"]
[Round "-"]
[White "mouse"]
[Black "Markus1234567"]
[Result "0-1"]
[WhiteElo "1514"]
[BlackElo "1724"]

1. e4 e5 2. Nf3 Nc6 3. Bc4 Nf6 4. d3 Bc5 5. O-O h6 6. Be3 Qe7 7. c3 a6 8. b4 Ba7
9. a3 b5 10. Bd5 Nxd5 11. exd5 Nd8 12. c4 d6 13. Qc2 O-O 14. c5 c6 15. Nc3 dxc5
16. Ne4 cxd5 17. Bxc5 Bxc5 18. Nxc5 Ne6 19. Nxe6 Qxe6 20. Rfe1 f6 21. Nd4 Qg4
22. Nc6 d4 23. Ne7+ Kh7 0-1